000 00665nam a2200205Ia 4500
001 b3327-25727 [4744]
003 IT-MiCISF
008 161014s9999||||xx |||||||||||||| ||und||
040 _aIT-MiCISF
_cIT-MiCISF
041 _ait
100 _aRelier Jean-Pierre
245 0 _aAmarlo prima che nasca
_bIl legame madre-figlio prima della nascita
250 _a1a ed.
260 _a Firenze
_bLe Lettere
_c1994 [Edizione originale: 1993]
300 _app. 167
500 _a / maternità, periodo-perinatale, rapporti-madre-figli, gravidanza, procreazione-artificiale, morte, stress /
650 _agenitorialità
942 _cBK
957 _71
999 _a25727
_bsi
_g1
_c214048
_d214048